[Event "BI-2014-P-0030"]
[Site "LSS email"]
[Date "2014.04.19"]
[Round "?"]
[White "Davydov, Andrej"]
[Black "Larin, Igor Yaroslavovich"]
[Result "0-1"]
[WhiteElo "1894"]
[BlackElo "2190"]
[PlyCount "68"]
[EventDate "2014.04.25"]
[EventType "tourn (corr)"]
[EventRounds "10"]
[EventCountry "GER"]
[SourceTitle "Corr 2015"]
[Source "ChessBase"]
[SourceDate "2015.07.17"]
[SourceVersion "1"]
[SourceVersionDate "2015.07.17"]
[SourceQuality "1"]

1. d4 Nf6 2. c4 g6 3. Nf3 Bg7 4. Nc3 0-0 5. e4 d6 6. Be2 e5 7. 0-0 Nc6 8. d5 Ne7 9. Be3 Ng4 10. Bd2 f5 11. Ng5 Nf6 12. f3 c6 13. Be3 Bh6 14. h4 f4 15. Bf2 c5 16. Rb1 Bxg5 17. hxg5 Nh5 18. b4 b6 19. Qd2 Bd7 20. Qe1 Nc8 21. Bh4 h6 22. gxh6 g5 23. Bf2 Qf6 24. bxc5 bxc5 25. h7+ Kxh7 26. Rb7 Nb6 27. a4 Rfb8 28. Rxb8 Rxb8 29. a5 Na4 30. Nxa4 Bxa4 31. Qa1 Bd7 32. Rb1 Ng3 33. Bxc5 Rxb1+ 34. Qxb1 dxc5 0-1

[Event "BI-2014-P-0030"]
[Site "LSS email"]
[Date "2014.04.19"]
[Round "?"]
[White "Larin, Igor Yaroslavovich"]
[Black "Csoma, Balint"]
[Result "1-0"]
[WhiteElo "2190"]
[BlackElo "1023"]
[PlyCount "43"]
[EventDate "2014.04.25"]
[EventType "tourn (corr)"]
[EventRounds "10"]
[EventCountry "GER"]
[SourceTitle "Corr 2015"]
[Source "ChessBase"]
[SourceDate "2015.07.17"]
[SourceVersion "1"]
[SourceVersionDate "2015.07.17"]
[SourceQuality "1"]

1. d4 d5 2. c4 c5 3. cxd5 Qxd5 4. Nf3 cxd4 5. Nc3 Qa5 6. Nxd4 Nf6 7. g3 Ne4 8. Bd2 Nxd2 9. Qxd2 e5 10. Nb3 Qb6 11. Nd5 Qd8 12. Bg2 Bd6 13. 0-0 0-0 14. Rfd1 Nc6 15. Ne3 Be7 16. Qc3 Qc7 17. Nd5 Qb8 18. Nxe7+ Nxe7 19. Na5 a6 20. Qb4 Nc6 21. Bxc6 bxc6 22. Qxf8+ 1-0

[Event "BI-2014-P-0030"]
[Site "LSS email"]
[Date "2014.04.19"]
[Round "?"]
[White "Larin, Igor Yaroslavovich"]
[Black "Madrid Sole, Antonio"]
[Result "1-0"]
[WhiteElo "2190"]
[BlackElo "1661"]
[PlyCount "53"]
[EventDate "2014.04.25"]
[EventType "tourn (corr)"]
[EventRounds "10"]
[EventCountry "GER"]
[SourceTitle "Corr 2015"]
[Source "ChessBase"]
[SourceDate "2015.07.17"]
[SourceVersion "1"]
[SourceVersionDate "2015.07.17"]
[SourceQuality "1"]

1. d4 d5 2. c4 c6 3. Nf3 Nf6 4. Nc3 dxc4 5. a4 Bf5 6. e3 e6 7. Bxc4 Bb4 8. 0-0 0-0 9. Qe2 Nbd7 10. e4 Bg6 11. Bd3 Bh5 12. e5 Nd5 13. Nxd5 cxd5 14. Qe3 Be7 15. Bd2 Nb8 16. Ne1 Bg6 17. f4 Nc6 18. Bxg6 hxg6 19. Nf3 Qb6 20. Bc3 Rac8 21. Ng5 Bxg5 22. fxg5 Ne7 23. Rf3 Nf5 24. a5 Qc7 25. Qd2 b5 26. g4 Ne7 27. Qf2 1-0

[Event "BI-2014-P-0030"]
[Site "LSS email"]
[Date "2014.04.19"]
[Round "?"]
[White "Larin, Igor Yaroslavovich"]
[Black "Mashchenko, Vladimir"]
[Result "1/2-1/2"]
[WhiteElo "2190"]
[BlackElo "1817"]
[PlyCount "53"]
[EventDate "2014.04.25"]
[EventType "tourn (corr)"]
[EventRounds "10"]
[EventCountry "GER"]
[SourceTitle "Corr 2015"]
[Source "ChessBase"]
[SourceDate "2015.07.17"]
[SourceVersion "1"]
[SourceVersionDate "2015.07.17"]
[SourceQuality "1"]

1. d4 Nf6 2. c4 e6 3. Nc3 Bb4 4. e3 b6 5. Nge2 c5 6. a3 Ba5 7. Rb1 Na6 8. Ng3 Bb7 9. f3 0-0 10. Bd3 cxd4 11. exd4 Bxc3+ 12. bxc3 d5 13. cxd5 Nxd5 14. Qd2 e5 15. 0-0 exd4 16. cxd4 Nac7 17. Re1 Re8 18. Re5 Rxe5 19. dxe5 Nf4 20. Bc4 Ng6 21. Qd6 Bd5 22. Bf1 Qxd6 23. exd6 Ne8 24. Nf5 Rd8 25. Bb2 f6 26. Rc1 Ba2 27. h3 1/2-1/2

[Event "BI-2014-P-0030"]
[Site "LSS email"]
[Date "2014.04.19"]
[Round "?"]
[White "Wilke, Oliver"]
[Black "Larin, Igor Yaroslavovich"]
[Result "1/2-1/2"]
[WhiteElo "2053"]
[BlackElo "2190"]
[PlyCount "46"]
[EventDate "2014.04.25"]
[EventType "tourn (corr)"]
[EventRounds "10"]
[EventCountry "GER"]
[SourceTitle "Corr 2015"]
[Source "ChessBase"]
[SourceDate "2015.07.17"]
[SourceVersion "1"]
[SourceVersionDate "2015.07.17"]
[SourceQuality "1"]

1. d4 Nf6 2. c4 g6 3. Nc3 Bg7 4. e4 d6 5. Nf3 0-0 6. h3 e5 7. dxe5 dxe5 8. Bg5 Na6 9. Qc2 c6 10. Be2 Qc7 11. 0-0 Nh5 12. Be3 Nf4 13. Rfd1 b6 14. a3 Bb7 15. b4 Rfd8 16. Qb3 Ne6 17. Ra2 Nd4 18. Qb1 Rd7 19. Rad2 Rad8 20. Qb2 h6 21. Ne1 Qc8 22. Qa2 h5 23. Bf1 Nc7 1/2-1/2

[Event "CP-2012-Q-00013"]
[Site "LSS email"]
[Date "2013.12.17"]
[Round "?"]
[White "Larin, Igor Yaroslavovich"]
[Black "Jarabinsky, Martin"]
[Result "1-0"]
[WhiteElo "2193"]
[BlackElo "2126"]
[PlyCount "86"]
[EventDate "2013.12.22"]
[EventType "tourn (corr)"]
[EventRounds "6"]
[EventCountry "GER"]
[SourceTitle "Corr 2015"]
[Source "ChessBase"]
[SourceDate "2015.07.17"]
[SourceVersion "1"]
[SourceVersionDate "2015.07.17"]
[SourceQuality "1"]

1. d4 Nf6 2. c4 e6 3. Nc3 Bb4 4. f3 d5 5. a3 Bxc3+ 6. bxc3 c5 7. cxd5 exd5 8. e3 c4 9. Ne2 Nc6 10. g4 Na5 11. Bg2 Nb3 12. Ra2 0-0 13. 0-0 Re8 14. g5 Nh5 15. e4 Qa5 16. Qe1 Bd7 17. Be3 Bc6 18. e5 Bd7 19. f4 g6 20. Ng3 Ng7 21. h4 Re7 22. h5 b6 23. Bf3 Nf5 24. Rh2 Rd8 25. Kg2 Bc8 26. Bc1 Be6 27. Nh1 Na1 28. Qd2 Nb3 29. Qb2 Kf8 30. hxg6 fxg6 31. Nf2 Nbxd4 32. cxd4 c3 33. Qb4 Qxb4 34. axb4 Nxd4 35. Rd1 Nb3 36. b5 c2 37. Rdh1 Rc7 38. Ba3+ Kg8 39. Bg4 Nd4 40. Bb2 Nf5 41. Kf3 d4 42. Ke2 Bc4+ 43. Kd2 Ne3 1-0

[Event "CP-2012-Q-00013"]
[Site "LSS email"]
[Date "2013.12.17"]
[Round "?"]
[White "Malashenkov, Alexei"]
[Black "Larin, Igor Yaroslavovich"]
[Result "1/2-1/2"]
[WhiteElo "2315"]
[BlackElo "2193"]
[PlyCount "73"]
[EventDate "2013.12.22"]
[EventType "tourn (corr)"]
[EventRounds "6"]
[EventCountry "GER"]
[SourceTitle "Corr 2015"]
[Source "ChessBase"]
[SourceDate "2015.07.17"]
[SourceVersion "1"]
[SourceVersionDate "2015.07.17"]
[SourceQuality "1"]

1. e4 e5 2. Nf3 Nf6 3. Nc3 Nc6 4. Bb5 Nd4 5. Ba4 c6 6. 0-0 Qa5 7. d3 d6 8. h3 b5 9. Bb3 Nxb3 10. cxb3 Be7 11. Qc2 0-0 12. a3 b4 13. Nd1 Qb5 14. axb4 Qxb4 15. Bd2 Qb7 16. b4 Be6 17. Re1 Rfc8 18. Bc3 Nh5 19. d4 f6 20. Ne3 Nf4 21. Nf5 Bxf5 22. exf5 Bd8 23. g3 Nd5 24. Nd2 Qd7 25. Nc4 Bb6 26. Red1 Rab8 27. dxe5 dxe5 28. Rd2 Qc7 29. Nxb6 Qxb6 30. Qd1 h6 31. Qg4 Rd8 32. Rd3 Qc7 33. Bd2 Kh8 34. Qh4 Rb7 35. b5 cxb5 36. Rd1 Qc6 37. Bxh6 1/2-1/2